[Event "Team Championship Russia (Blitz, Men)"]
[Site "Sochi"]
[Date "2018.10.10"]
[Round "6.12"]
[White "Oganian, Miran"]
[Black "Remizov, Yaroslav"]
[Result "1-0"]
[BlackElo "2227"]
[WhiteElo "2466"]
[LiveChessVersion "1.4.8"]

1. d4 {[%clk 0:03:03]} d5 {[%clk 0:03:03]} 2. c4 e6 3. Nf3 {[%clk 0:03:05]} c6
{[%clk 0:03:06]} 4. Qc2 {[%clk 0:03:07]} Nf6 {[%clk 0:03:07]} 5. g3
{[%clk 0:03:08]} Nbd7 {[%clk 0:03:07]} 6. Bg2 {[%clk 0:03:10]} Bd6
{[%clk 0:03:08]} 7. O-O {[%clk 0:03:10]} O-O {[%clk 0:03:09]} 8. Nbd2
{[%clk 0:03:07]} Re8 {[%clk 0:03:10]} 9. b3 {[%clk 0:03:08]} e5 {[%clk 0:03:04]}
10. dxe5 {[%clk 0:03:08]} Nxe5 {[%clk 0:03:05]} 11. Bb2 {[%clk 0:03:09]} Nxf3+
{[%clk 0:02:59]} 12. Nxf3 {[%clk 0:03:10]} Bg4 {[%clk 0:02:57]} 13. Rad1
{[%clk 0:02:58]} Qe7 14. Bxf6 {[%clk 0:02:55]} Qxf6 {[%clk 0:02:35]} 15. cxd5
{[%clk 0:02:53]} cxd5 {[%clk 0:02:23]} 16. Rxd5 {[%clk 0:02:54]} Rac8
{[%clk 0:02:23]} 17. Qd3 {[%clk 0:02:49]} Bf8 {[%clk 0:02:12]} 18. Ng5
{[%clk 0:02:39]} Qg6 {[%clk 0:01:00]} 19. Be4 {[%clk 0:02:05]} Rxe4
{[%clk 0:01:01]} 20. Nxe4 {[%clk 0:01:52]} Re8 {[%clk 0:00:52]} 21. Nc3
{[%clk 0:01:22]} Qc6 {[%clk 0:00:26]} 22. Rd1 {[%clk 0:01:17]} Bb4
{[%clk 0:00:21]} 23. Rd8 {[%clk 0:01:00]} Bxc3 {[%clk 0:00:09]} 24. Qxc3
{[%clk 0:00:45]} Qe4 {[%clk 0:00:03]} 25. Rxe8+ {[%clk 0:00:39]} Qxe8
{[%clk 0:00:04]} 26. Qc7 {[%clk 0:00:37]} 1-0

[Event "Team Championship Russia (Blitz, Men)"]
[Site "Sochi"]
[Date "2018.10.10"]
[Round "6.13"]
[White "Sychev, Klementy"]
[Black "Paravyan, David"]
[Result "1/2-1/2"]
[BlackElo "2634"]
[WhiteElo "2638"]
[LiveChessVersion "1.4.8"]

1. e4 {[%clk 0:02:40]} e5 {[%clk 0:03:01]} 2. Nf3 {[%clk 0:02:36]} Nc6
{[%clk 0:03:02]} 3. Bb5 {[%clk 0:02:34]} Nf6 {[%clk 0:03:03]} 4. O-O
{[%clk 0:02:20]} Nxe4 {[%clk 0:03:03]} 5. d4 {[%clk 0:02:22]} Nd6
{[%clk 0:03:04]} 6. dxe5 {[%clk 0:02:22]} Nxb5 {[%clk 0:03:04]} 7. a4
{[%clk 0:02:24]} Nbd4 {[%clk 0:03:03]} 8. Nxd4 {[%clk 0:02:24]} d6
{[%clk 0:02:56]} 9. exd6 {[%clk 0:02:12]} Qxd6 {[%clk 0:02:57]} 10. Nb5
{[%clk 0:02:11]} Qxd1 {[%clk 0:02:27]} 11. Rxd1 {[%clk 0:02:12]} Bd6
{[%clk 0:02:27]} 12. Nxd6+ {[%clk 0:01:53]} cxd6 {[%clk 0:02:27]} 13. Rxd6
{[%clk 0:01:54]} Bf5 {[%clk 0:02:17]} 14. Na3 {[%clk 0:01:49]} O-O
{[%clk 0:01:51]} 15. Be3 {[%clk 0:01:50]} Rfd8 {[%clk 0:01:47]} 16. Rad1
{[%clk 0:01:47]} Rxd6 17. Rxd6 {[%clk 0:01:48]} a6 {[%clk 0:01:50]} 18. c3
{[%clk 0:01:30]} Be6 {[%clk 0:01:51]} 19. Bb6 {[%clk 0:01:23]} Kf8
{[%clk 0:01:48]} 20. a5 {[%clk 0:01:20]} Ke7 {[%clk 0:01:49]} 21. Rd2
{[%clk 0:01:21]} Rc8 {[%clk 0:01:49]} 22. f3 {[%clk 0:01:19]} f6 {[%clk 0:01:47]}
23. Kf2 {[%clk 0:01:08]} Ne5 {[%clk 0:01:46]} 24. Rd4 {[%clk 0:01:06]} Nc4
{[%clk 0:01:41]} 25. Nxc4 {[%clk 0:01:05]} Rxc4 {[%clk 0:01:42]} 26. Rd8
{[%clk 0:01:00]} Rc8 {[%clk 0:01:39]} 27. Rd2 {[%clk 0:00:58]} Bd7
{[%clk 0:01:25]} 28. Re2+ {[%clk 0:00:56]} Kf7 {[%clk 0:01:26]} 29. g4
{[%clk 0:00:52]} Re8 {[%clk 0:01:23]} 30. Rd2 {[%clk 0:00:52]} Bc6
{[%clk 0:01:25]} 31. Bd4 {[%clk 0:00:50]} h5 {[%clk 0:01:23]} 32. h3
{[%clk 0:00:34]} hxg4 {[%clk 0:01:23]} 33. hxg4 {[%clk 0:00:35]} Rh8
{[%clk 0:01:19]} 34. Kg2 {[%clk 0:00:35]} Rh4 {[%clk 0:01:18]} 35. Kg3
{[%clk 0:00:33]} Rh1 {[%clk 0:01:16]} 36. Bc5 {[%clk 0:00:32]} Rf1
{[%clk 0:01:15]} 37. Rd3 {[%clk 0:00:31]} Bb5 {[%clk 0:01:11]} 38. Re3
{[%clk 0:00:31]} Bc6 {[%clk 0:01:04]} 39. b4 {[%clk 0:00:31]} g5 {[%clk 0:01:01]}
40. Rd3 {[%clk 0:00:25]} Ke6 {[%clk 0:00:48]} 41. Bf2 {[%clk 0:00:24]} Rc1
{[%clk 0:00:46]} 42. f4 {[%clk 0:00:19]} gxf4+ {[%clk 0:00:45]} 43. Kxf4
{[%clk 0:00:20]} Rf1 {[%clk 0:00:44]} 44. Kg3 {[%clk 0:00:20]} Rc1
{[%clk 0:00:44]} 45. Bc5 {[%clk 0:00:17]} Rc2 {[%clk 0:00:39]} 46. Re3+
{[%clk 0:00:15]} Kf7 {[%clk 0:00:36]} 47. Bb6 {[%clk 0:00:13]} Rg2+
{[%clk 0:00:36]} 48. Kf4 {[%clk 0:00:13]} Rf2+ {[%clk 0:00:37]} 49. Kg3
{[%clk 0:00:15]} Rg2+ {[%clk 0:00:38]} 50. Kh3 {[%clk 0:00:16]} Rc2
{[%clk 0:00:37]} 51. Bd4 {[%clk 0:00:17]} Rf2 {[%clk 0:00:29]} 52. Kg3
{[%clk 0:00:13]} Rg2+ {[%clk 0:00:29]} 53. Kf4 {[%clk 0:00:14]} Rf2+
{[%clk 0:00:30]} 54. Kg3 {[%clk 0:00:15]} Rg2+ {[%clk 0:00:31]} 55. Kh3
{[%clk 0:00:17]} Rf2 {[%clk 0:00:32]} 56. Kh4 {[%clk 0:00:14]} Rh2+
{[%clk 0:00:33]} 57. Kg3 {[%clk 0:00:15]} Rg2+ {[%clk 0:00:34]} 58. Kh3
{[%clk 0:00:17]} Rf2 {[%clk 0:00:35]} 59. Kg3 {[%clk 0:00:10]} Rg2+
{[%clk 0:00:33]} 60. Kh3 {[%clk 0:00:12]} Rf2 {[%clk 0:00:34]} 61. Kh4
{[%clk 0:00:10]} Rh2+ {[%clk 0:00:35]} 62. Kg3 {[%clk 0:00:12]} Rg2+
{[%clk 0:00:36]} 63. Kf4 {[%clk 0:00:09]} Rf2+ {[%clk 0:00:37]} 64. Kg3
{[%clk 0:00:11]} Rg2+ {[%clk 0:00:38]} 65. Kh3 {[%clk 0:00:12]} Rf2
{[%clk 0:00:37]} 66. Kg3 {[%clk 0:00:09]} Rg2+ 1/2-1/2

[Event "Team Championship Russia (Blitz, Men)"]
[Site "Sochi"]
[Date "2018.10.10"]
[Round "6.14"]
[White "Antipov, Mikhail Al."]
[Black "Demidov, Mikhail"]
[Result "1-0"]
[BlackElo "2522"]
[WhiteElo "2491"]
[LiveChessVersion "1.4.8"]

1. e4 {[%clk 0:03:03]} e6 {[%clk 0:03:00]} 2. d4 {[%clk 0:03:05]} d5
{[%clk 0:03:02]} 3. Nd2 {[%clk 0:03:06]} dxe4 {[%clk 0:03:00]} 4. Nxe4
{[%clk 0:03:07]} Bd7 {[%clk 0:03:01]} 5. Nf3 {[%clk 0:03:08]} Bc6
{[%clk 0:03:02]} 6. Bd3 {[%clk 0:03:09]} Nd7 {[%clk 0:03:03]} 7. c3
{[%clk 0:03:10]} Bxe4 {[%clk 0:02:59]} 8. Bxe4 {[%clk 0:03:11]} c6
{[%clk 0:03:00]} 9. O-O {[%clk 0:03:11]} Ngf6 {[%clk 0:03:01]} 10. Bc2
{[%clk 0:03:09]} g6 {[%clk 0:03:03]} 11. Bf4 {[%clk 0:03:02]} Bg7
{[%clk 0:03:03]} 12. Bd6 {[%clk 0:03:00]} Bf8 {[%clk 0:03:04]} 13. Bg3
{[%clk 0:02:54]} Bg7 {[%clk 0:03:05]} 14. a4 {[%clk 0:02:52]} a5 {[%clk 0:03:06]}
15. Ne5 {[%clk 0:02:46]} Nh5 {[%clk 0:02:48]} 16. Nxd7 {[%clk 0:01:47]} Nxg3
{[%clk 0:02:49]} 17. hxg3 {[%clk 0:01:48]} Qxd7 {[%clk 0:02:50]} 18. Qg4
{[%clk 0:01:44]} O-O {[%clk 0:02:47]} 19. Rfe1 {[%clk 0:01:46]} Qc7
{[%clk 0:02:35]} 20. Bd3 {[%clk 0:01:45]} Rad8 {[%clk 0:02:32]} 21. Bc4
{[%clk 0:01:43]} Rfe8 {[%clk 0:02:28]} 22. Re3 {[%clk 0:01:43]} e5
{[%clk 0:02:22]} 23. Rae1 {[%clk 0:01:39]} Qb8 {[%clk 0:01:22]} 24. Rf3
{[%clk 0:00:25]} Rf8 {[%clk 0:00:51]} 25. dxe5 {[%clk 0:00:23]} Bxe5
{[%clk 0:00:48]} 26. Rxf7 {[%clk 0:00:18]} Rxf7 {[%clk 0:00:43]} 27. Qe6
{[%clk 0:00:20]} Rdd7 {[%clk 0:00:18]} 28. Qxd7 {[%clk 0:00:18]} 1-0

[Event "Team Championship Russia (Blitz, Men)"]
[Site "Sochi"]
[Date "2018.10.10"]
[Round "6.15"]
[White "Afanasiev, Nikita"]
[Black "Yuffa, Daniil"]
[Result "1/2-1/2"]
[BlackElo "2470"]
[WhiteElo "2543"]
[LiveChessVersion "1.4.8"]

1. c4 {[%clk 0:02:56]} g6 {[%clk 0:03:03]} 2. Nc3 {[%clk 0:02:56]} Bg7
{[%clk 0:03:03]} 3. g3 {[%clk 0:02:57]} Nf6 {[%clk 0:03:03]} 4. Bg2
{[%clk 0:02:57]} O-O {[%clk 0:03:03]} 5. e4 {[%clk 0:02:58]} c5 {[%clk 0:03:04]}
6. Nge2 {[%clk 0:02:58]} Nc6 {[%clk 0:03:05]} 7. O-O {[%clk 0:02:58]} Ne8
{[%clk 0:03:05]} 8. a3 {[%clk 0:02:53]} Nc7 {[%clk 0:02:58]} 9. Rb1
{[%clk 0:02:53]} Ne6 {[%clk 0:02:56]} 10. b4 {[%clk 0:02:52]} d6 {[%clk 0:02:57]}
11. d3 {[%clk 0:02:49]} Rb8 {[%clk 0:02:52]} 12. f4 {[%clk 0:02:46]} Ned4
{[%clk 0:02:52]} 13. h3 {[%clk 0:02:38]} a6 {[%clk 0:02:51]} 14. Kh2
{[%clk 0:02:13]} b5 {[%clk 0:02:49]} 15. cxb5 {[%clk 0:01:59]} Nxb5
{[%clk 0:02:40]} 16. bxc5 {[%clk 0:01:33]} Bxc3 {[%clk 0:02:30]} 17. a4
{[%clk 0:01:33]} Bg7 {[%clk 0:02:04]} 18. axb5 {[%clk 0:01:32]} dxc5
{[%clk 0:02:04]} 19. Be3 {[%clk 0:01:31]} Rxb5 {[%clk 0:01:54]} 20. Rxb5
{[%clk 0:01:31]} axb5 {[%clk 0:01:55]} 21. Bxc5 {[%clk 0:01:31]} Be6
{[%clk 0:01:39]} 22. Qb1 {[%clk 0:01:03]} b4 {[%clk 0:01:23]} 23. Rc1
{[%clk 0:00:49]} Qa5 {[%clk 0:01:19]} 24. d4 {[%clk 0:00:39]} Ba2
{[%clk 0:01:02]} 25. Qb2 {[%clk 0:00:40]} b3 {[%clk 0:01:00]} 26. e5
{[%clk 0:00:41]} Nb4 {[%clk 0:00:53]} 27. Rc3 {[%clk 0:00:22]} Rb8
{[%clk 0:00:34]} 28. Nc1 {[%clk 0:00:17]} Qa4 {[%clk 0:00:24]} 29. Nxb3
{[%clk 0:00:14]} Na6 {[%clk 0:00:24]} 30. Bd5 {[%clk 0:00:07]} e6
{[%clk 0:00:22]} 31. Bc4 {[%clk 0:00:09]} Nxc5 {[%clk 0:00:23]} 32. dxc5
{[%clk 0:00:08]} Bf8 {[%clk 0:00:12]} 33. c6 {[%clk 0:00:09]} Rc8
{[%clk 0:00:13]} 34. Nd2 {[%clk 0:00:06]} Rxc6 {[%clk 0:00:08]} 35. Bxa2
{[%clk 0:00:07]} Rxc3 {[%clk 0:00:08]} 36. Qxc3 {[%clk 0:00:07]} Qxa2
{[%clk 0:00:10]} 37. Kg2 {[%clk 0:00:07]} Qd5+ {[%clk 0:00:10]} 38. Nf3
{[%clk 0:00:08]} Bc5 {[%clk 0:00:11]} 39. Qc2 {[%clk 0:00:07]} Kg7
{[%clk 0:00:11]} 40. Qe2 {[%clk 0:00:08]} h6 {[%clk 0:00:12]} 41. h4
{[%clk 0:00:09]} Bb4 {[%clk 0:00:08]} 42. Qc2 {[%clk 0:00:08]} Bc5
{[%clk 0:00:08]} 43. Qe2 {[%clk 0:00:09]} Bb4 {[%clk 0:00:09]} 44. Qc2
{[%clk 0:00:10]} Bc5 {[%clk 0:00:09]} 1/2-1/2

[Event "Team Championship Russia (Blitz, Men)"]
[Site "Sochi"]
[Date "2018.10.10"]
[Round "6.16"]
[White "Kryakvin, Dmitry"]
[Black "Apryshko, Gleb"]
[Result "1/2-1/2"]
[BlackElo "2440"]
[WhiteElo "2468"]
[LiveChessVersion "1.4.8"]

1. d4 {[%clk 0:03:02]} g6 {[%clk 0:02:33]} 2. c4 {[%clk 0:03:02]} Bg7
{[%clk 0:02:34]} 3. e4 {[%clk 0:03:02]} Nc6 {[%clk 0:02:36]} 4. Be3
{[%clk 0:03:01]} e5 {[%clk 0:02:37]} 5. Ne2 {[%clk 0:03:00]} d6 {[%clk 0:02:35]}
6. Nbc3 {[%clk 0:02:58]} exd4 {[%clk 0:02:37]} 7. Nxd4 {[%clk 0:02:58]} Bd7
{[%clk 0:02:39]} 8. Be2 {[%clk 0:02:50]} Nge7 {[%clk 0:02:40]} 9. h4
{[%clk 0:02:50]} h6 {[%clk 0:02:39]} 10. Qd2 {[%clk 0:02:45]} a6 {[%clk 0:02:33]}
11. O-O-O {[%clk 0:02:39]} Ne5 {[%clk 0:02:12]} 12. Nd5 {[%clk 0:02:10]} Nxd5
{[%clk 0:01:37]} 13. cxd5 {[%clk 0:02:06]} Ng4 {[%clk 0:01:37]} 14. Bxg4
{[%clk 0:02:05]} Bxg4 {[%clk 0:01:37]} 15. f3 {[%clk 0:02:06]} Bd7
{[%clk 0:01:36]} 16. Kb1 {[%clk 0:02:03]} c5 {[%clk 0:01:20]} 17. dxc6 bxc6 18.
Nb3 {[%clk 0:01:47]} d5 {[%clk 0:01:10]} 19. Nc5 {[%clk 0:01:29]} Rb8
{[%clk 0:00:41]} 20. b3 a5 21. Nxd7 {[%clk 0:01:12]} Qxd7 {[%clk 0:00:44]} 22.
exd5 {[%clk 0:01:03]} a4 {[%clk 0:00:34]} 23. Bc5 {[%clk 0:00:45]} axb3 24. Rhe1+
{[%clk 0:00:40]} Kd8 {[%clk 0:00:33]} 25. dxc6 {[%clk 0:00:24]} bxa2+
{[%clk 0:00:28]} 26. Kxa2 {[%clk 0:00:25]} Ra8+ {[%clk 0:00:25]} 27. Kb3
{[%clk 0:00:25]} Qxd2 {[%clk 0:00:25]} 28. Rxd2+ {[%clk 0:00:26]} Kc7
{[%clk 0:00:27]} 29. Bd6+ {[%clk 0:00:09]} Kxc6 {[%clk 0:00:26]} 30. Rc1+ Kb5 31.
Rd5+ {[%clk 0:00:11]} Kb6 {[%clk 0:00:28]} 32. Be5 {[%clk 0:00:11]} Bxe5
{[%clk 0:00:24]} 33. Rxe5 Rhe8 {[%clk 0:00:19]} 34. Rce1 {[%clk 0:00:11]} Red8
{[%clk 0:00:17]} 35. R1e3 {[%clk 0:00:07]} Rd2 {[%clk 0:00:19]} 36. g4
{[%clk 0:00:05]} Raa2 {[%clk 0:00:20]} 37. Kb4 {[%clk 0:00:05]} Rd4+
{[%clk 0:00:18]} 38. Kc3 {[%clk 0:00:06]} Rf4 {[%clk 0:00:18]} 39. R5e4
{[%clk 0:00:05]} Rf6 {[%clk 0:00:08]} 40. Rb4+ {[%clk 0:00:06]} Kc6
{[%clk 0:00:09]} 41. Rc4+ {[%clk 0:00:07]} Kb6 {[%clk 0:00:10]} 42. Kd4
{[%clk 0:00:06]} Rd2+ {[%clk 0:00:10]} 43. Ke4 {[%clk 0:00:05]} Re6+
{[%clk 0:00:11]} 44. Kf4 g5+ 45. hxg5 {[%clk 0:00:06]} hxg5+ {[%clk 0:00:17]} 46.
Kxg5 {[%clk 0:00:06]} Rxe3 {[%clk 0:00:17]} 47. Rf4 {[%clk 0:00:06]} Rd5+
{[%clk 0:00:17]} 48. Kh6 {[%clk 0:00:07]} Re7 {[%clk 0:00:13]} 49. Rf6+
{[%clk 0:00:07]} Re6 {[%clk 0:00:14]} 50. Kg7 {[%clk 0:00:08]} Rg5+
{[%clk 0:00:04]} 51. Kxf7 {[%clk 0:00:08]} Rxf6+ 52. Kxf6 {[%clk 0:00:09]} Rg8
{[%clk 0:00:04]} 53. g5 {[%clk 0:00:10]} Kc6 {[%clk 0:00:05]} 54. g6
{[%clk 0:00:10]} Kd7 {[%clk 0:00:05]} 55. Kf7 {[%clk 0:00:11]} Re8
{[%clk 0:00:06]} 56. g7 {[%clk 0:00:13]} Re7+ {[%clk 0:00:07]} 57. Kg6
{[%clk 0:00:12]} Re6+ {[%clk 0:00:08]} 58. Kh7 {[%clk 0:00:12]} Re7
{[%clk 0:00:05]} 59. Kh8 {[%clk 0:00:13]} Re8+ {[%clk 0:00:07]} 60. g8=Q
{[%clk 0:00:15]} 1/2-1/2

[Event "Team Championship Russia (Blitz, Men)"]
[Site "Sochi"]
[Date "2018.10.10"]
[Round "6.17"]
[White "Ozgibcev, Anatoly"]
[Black "Bocharov, Ivan"]
[Result "0-1"]
[BlackElo "2667"]
[WhiteElo "2353"]
[LiveChessVersion "1.4.8"]

1. e4 {[%clk 0:03:03]} e5 {[%clk 0:03:04]} 2. Nf3 {[%clk 0:03:04]} Nc6
{[%clk 0:03:05]} 3. Bc4 {[%clk 0:03:05]} Bc5 {[%clk 0:03:06]} 4. c3
{[%clk 0:03:05]} Nf6 {[%clk 0:03:07]} 5. d4 {[%clk 0:03:06]} exd4
{[%clk 0:03:07]} 6. O-O {[%clk 0:03:07]} Nxe4 {[%clk 0:02:51]} 7. cxd4
{[%clk 0:03:08]} d5 {[%clk 0:02:52]} 8. dxc5 {[%clk 0:03:07]} dxc4
{[%clk 0:02:52]} 9. Qe2 {[%clk 0:03:08]} Qd3 {[%clk 0:02:53]} 10. Re1
{[%clk 0:03:08]} f5 {[%clk 0:02:43]} 11. Nc3 {[%clk 0:03:08]} O-O
{[%clk 0:02:40]} 12. Nxe4 {[%clk 0:03:08]} fxe4 {[%clk 0:02:41]} 13. Qxe4
{[%clk 0:03:09]} Bf5 {[%clk 0:02:41]} 14. Qxd3 {[%clk 0:03:09]} cxd3
{[%clk 0:02:38]} 15. Bd2 {[%clk 0:03:10]} Bg4 {[%clk 0:02:34]} 16. Ne5
{[%clk 0:03:06]} Nxe5 {[%clk 0:02:31]} 17. Rxe5 {[%clk 0:03:07]} Rae8
{[%clk 0:02:33]} 18. Rae1 {[%clk 0:02:44]} Be2 {[%clk 0:02:34]} 19. Rxe8
{[%clk 0:02:44]} Rxe8 {[%clk 0:02:35]} 20. f3 {[%clk 0:02:40]} Kf7
{[%clk 0:02:36]} 21. Kf2 {[%clk 0:02:40]} Ke6 {[%clk 0:02:36]} 22. Rc1
{[%clk 0:02:31]} Kd5 {[%clk 0:02:36]} 23. Be3 {[%clk 0:02:25]} a5
{[%clk 0:02:35]} 24. Rc3 {[%clk 0:02:17]} Re6 {[%clk 0:02:28]} 25. Bd2
{[%clk 0:01:58]} Kd4 {[%clk 0:02:21]} 26. Ra3 {[%clk 0:01:55]} Kxc5
{[%clk 0:02:18]} 27. Rxa5+ {[%clk 0:01:55]} b5 {[%clk 0:02:13]} 28. Ra8
{[%clk 0:01:47]} Bd1 {[%clk 0:01:48]} 29. Be3+ {[%clk 0:01:42]} Kc6
{[%clk 0:01:37]} 30. Ra6+ {[%clk 0:01:37]} Kd5 {[%clk 0:01:33]} 31. Rxe6
{[%clk 0:01:37]} Kxe6 {[%clk 0:01:34]} 32. Ke1 {[%clk 0:01:37]} Be2
{[%clk 0:01:31]} 33. Kd2 {[%clk 0:01:30]} Kd5 {[%clk 0:01:31]} 34. b4
{[%clk 0:01:22]} Kc4 {[%clk 0:01:31]} 35. Bc5 {[%clk 0:01:19]} g5
{[%clk 0:01:26]} 36. Be7 {[%clk 0:01:18]} h5 {[%clk 0:01:16]} 37. a3
{[%clk 0:01:06]} g4 {[%clk 0:01:12]} 38. f4 {[%clk 0:00:55]} g3 {[%clk 0:01:13]}
39. hxg3 {[%clk 0:00:52]} Bg4 {[%clk 0:01:14]} 40. Bf8 {[%clk 0:00:51]} Bf5
{[%clk 0:01:14]} 41. Be7 {[%clk 0:00:52]} c6 {[%clk 0:01:13]} 42. Bd6
{[%clk 0:00:46]} Kb3 {[%clk 0:01:13]} 43. Be7 {[%clk 0:00:47]} Kxa3
{[%clk 0:01:14]} 44. Bd6 {[%clk 0:00:47]} Kb3 {[%clk 0:01:15]} 45. Be7
{[%clk 0:00:48]} Kc4 {[%clk 0:01:16]} 46. Bd6 {[%clk 0:00:49]} Kd5
{[%clk 0:01:14]} 47. Be7 {[%clk 0:00:50]} Ke6 {[%clk 0:01:16]} 48. Bc5
{[%clk 0:00:49]} Be4 {[%clk 0:01:16]} 49. Ke3 {[%clk 0:00:42]} Kd5
{[%clk 0:01:17]} 50. Kd2 {[%clk 0:00:42]} Bf5 {[%clk 0:01:14]} 51. Be7
{[%clk 0:00:43]} Ke4 {[%clk 0:01:15]} 52. Bd6 {[%clk 0:00:42]} Bg4
{[%clk 0:01:10]} 53. Be7 {[%clk 0:00:42]} Be2 {[%clk 0:01:11]} 54. Bd6
{[%clk 0:00:39]} Bf1 {[%clk 0:01:10]} 55. Be7 {[%clk 0:00:40]} Bxg2
{[%clk 0:01:10]} 56. Bd6 {[%clk 0:00:40]} Bh3 {[%clk 0:01:11]} 57. Be7
{[%clk 0:00:41]} Bf5 {[%clk 0:01:12]} 58. Bd8 {[%clk 0:00:30]} Kf3
{[%clk 0:01:12]} 59. Bh4 {[%clk 0:00:30]} Bg6 {[%clk 0:01:07]} 60. Kd1
{[%clk 0:00:08]} Ke3 {[%clk 0:01:08]} 61. f5 {[%clk 0:00:08]} Bxf5
{[%clk 0:01:08]} 62. Bg5+ {[%clk 0:00:09]} Kf3 {[%clk 0:01:09]} 63. Bh4 c5
{[%clk 0:00:56]} 64. bxc5 b4 0-1

[Event "Team Championship Russia (Blitz, Men)"]
[Site "Sochi"]
[Date "2018.10.10"]
[Round "6.18"]
[White "Bocharov, Dmitry"]
[Black "Dilmukhametov, Artur"]
[Result "1-0"]
[BlackElo "2375"]
[WhiteElo "2649"]
[LiveChessVersion "1.4.8"]

1. c4 {[%clk 0:03:03]} c6 {[%clk 0:03:02]} 2. Nf3 {[%clk 0:03:02]} d5
{[%clk 0:03:03]} 3. e3 {[%clk 0:03:03]} Nf6 {[%clk 0:03:03]} 4. Nc3
{[%clk 0:03:04]} a6 {[%clk 0:02:59]} 5. Be2 {[%clk 0:03:03]} Bf5 {[%clk 0:02:58]}
6. Nh4 {[%clk 0:03:04]} Bg6 {[%clk 0:02:49]} 7. Nxg6 {[%clk 0:02:57]} hxg6
{[%clk 0:02:50]} 8. Qb3 {[%clk 0:02:58]} Ra7 {[%clk 0:02:33]} 9. d4
{[%clk 0:02:58]} e6 10. O-O {[%clk 0:02:52]} Nbd7 {[%clk 0:02:30]} 11. g3
{[%clk 0:02:42]} b5 {[%clk 0:02:24]} 12. c5 {[%clk 0:02:15]} a5 {[%clk 0:02:14]}
13. Nxb5 {[%clk 0:02:08]} cxb5 {[%clk 0:02:00]} 14. Bxb5 {[%clk 0:02:08]} Qc7
{[%clk 0:01:35]} 15. e4 {[%clk 0:01:55]} Nxe4 {[%clk 0:01:27]} 16. Bf4
{[%clk 0:01:56]} e5 {[%clk 0:01:24]} 17. Bxe5 {[%clk 0:01:54]} Qc8
{[%clk 0:01:11]} 18. Qxd5 {[%clk 0:01:50]} Nef6 {[%clk 0:01:12]} 19. Bxf6
{[%clk 0:01:31]} gxf6 20. c6 1-0

[Event "Team Championship Russia (Blitz, Men)"]
[Site "Sochi"]
[Date "2018.10.10"]
[Round "6.19"]
[White "Inozemtsev, Sergei"]
[Black "Maletin, Pavel"]
[Result "1-0"]
[BlackElo "2637"]
[WhiteElo "2312"]
[LiveChessVersion "1.4.8"]

1. e4 {[%clk 0:03:02]} e5 {[%clk 0:03:03]} 2. Nf3 Nc6 3. Bb5 {[%clk 0:03:04]} g6
{[%clk 0:03:06]} 4. O-O {[%clk 0:02:51]} Bg7 {[%clk 0:03:07]} 5. c3
{[%clk 0:02:51]} a6 {[%clk 0:03:08]} 6. Bxc6 {[%clk 0:02:35]} dxc6
{[%clk 0:03:09]} 7. d4 {[%clk 0:02:36]} exd4 {[%clk 0:03:10]} 8. cxd4
{[%clk 0:02:36]} Ne7 {[%clk 0:03:11]} 9. h3 {[%clk 0:02:34]} O-O {[%clk 0:03:08]}
10. Nc3 {[%clk 0:02:34]} h6 {[%clk 0:03:09]} 11. Re1 {[%clk 0:02:26]} Be6
{[%clk 0:03:09]} 12. Be3 {[%clk 0:02:22]} Qd7 {[%clk 0:03:10]} 13. Na4
{[%clk 0:02:15]} b6 {[%clk 0:03:10]} 14. Rc1 {[%clk 0:02:08]} Kh7
{[%clk 0:03:10]} 15. b3 {[%clk 0:01:55]} Rad8 {[%clk 0:03:08]} 16. Qc2
{[%clk 0:01:55]} f5 {[%clk 0:02:58]} 17. exf5 {[%clk 0:01:40]} Bxf5
{[%clk 0:02:57]} 18. Qe2 {[%clk 0:01:36]} Nd5 {[%clk 0:02:17]} 19. Nb2
{[%clk 0:01:32]} Rde8 {[%clk 0:02:14]} 20. Nc4 {[%clk 0:01:32]} Nf4
{[%clk 0:02:14]} 21. Qd2 {[%clk 0:01:21]} Nd3 {[%clk 0:02:11]} 22. Nce5
{[%clk 0:01:17]} Nxe5 {[%clk 0:01:46]} 23. Nxe5 {[%clk 0:01:14]} Qd5
{[%clk 0:01:41]} 24. Nxc6 {[%clk 0:01:04]} a5 {[%clk 0:01:29]} 25. Ne5
{[%clk 0:00:51]} c5 {[%clk 0:01:29]} 26. Nc4 {[%clk 0:00:17]} cxd4
{[%clk 0:01:24]} 27. Bf4 {[%clk 0:00:17]} g5 {[%clk 0:01:14]} 28. Bg3
{[%clk 0:00:10]} d3 {[%clk 0:00:48]} 29. Ne3 {[%clk 0:00:07]} Qb5
{[%clk 0:00:45]} 30. Rc7 {[%clk 0:00:07]} Bg6 {[%clk 0:00:40]} 31. Rec1
{[%clk 0:00:08]} Qb4 {[%clk 0:00:35]} 32. R1c3 {[%clk 0:00:06]} Rf7
{[%clk 0:00:36]} 33. Rxf7 {[%clk 0:00:06]} Bxf7 {[%clk 0:00:37]} 34. Rxd3
{[%clk 0:00:08]} Qxd2 {[%clk 0:00:36]} 35. Rxd2 {[%clk 0:00:09]} Be6
{[%clk 0:00:36]} 36. Bc7 {[%clk 0:00:06]} Bc3 {[%clk 0:00:33]} 37. Rd3
{[%clk 0:00:06]} Bb4 {[%clk 0:00:32]} 38. Bxb6 {[%clk 0:00:08]} Rc8
{[%clk 0:00:33]} 39. a3 {[%clk 0:00:07]} Rc1+ {[%clk 0:00:32]} 40. Kh2
{[%clk 0:00:08]} Bxa3 {[%clk 0:00:33]} 41. Bxa5 {[%clk 0:00:09]} Rb1
{[%clk 0:00:34]} 42. Nc4 {[%clk 0:00:10]} Bc5 {[%clk 0:00:33]} 43. Bd2
{[%clk 0:00:09]} Bxf2 {[%clk 0:00:33]} 44. Be3 {[%clk 0:00:08]} Be1
{[%clk 0:00:33]} 45. Bd4 {[%clk 0:00:07]} h5 {[%clk 0:00:33]} 46. Re3
{[%clk 0:00:08]} Bd5 {[%clk 0:00:31]} 47. Nb6 {[%clk 0:00:07]} Bxb3
{[%clk 0:00:31]} 48. Re7+ {[%clk 0:00:07]} Kg6 {[%clk 0:00:31]} 49. Nd7
{[%clk 0:00:08]} h4 {[%clk 0:00:29]} 50. Nf8+ {[%clk 0:00:09]} Kf5
{[%clk 0:00:30]} 51. Re5+ {[%clk 0:00:10]} Kf4 {[%clk 0:00:30]} 52. Ng6#
{[%clk 0:00:11]} 1-0

[Event "Team Championship Russia (Blitz, Men)"]
[Site "Sochi"]
[Date "2018.10.10"]
[Round "6.20"]
[White "Kezin, Roman"]
[Black "Pogromsky, Mikhail"]
[Result "1-0"]
[BlackElo "2462"]
[WhiteElo "2575"]
[LiveChessVersion "1.4.8"]

1. d4 {[%clk 0:03:03]} Nf6 {[%clk 0:03:02]} 2. c4 {[%clk 0:03:03]} e6
{[%clk 0:03:03]} 3. g3 {[%clk 0:03:04]} d5 {[%clk 0:03:04]} 4. Bg2
{[%clk 0:03:05]} g6 {[%clk 0:03:05]} 5. Nf3 {[%clk 0:03:06]} Bg7 {[%clk 0:03:07]}
6. O-O {[%clk 0:03:07]} O-O {[%clk 0:03:08]} 7. Qc2 {[%clk 0:03:00]} c6
{[%clk 0:02:51]} 8. Nbd2 {[%clk 0:02:58]} b6 {[%clk 0:02:41]} 9. e4
{[%clk 0:02:59]} Ba6 {[%clk 0:02:30]} 10. e5 {[%clk 0:03:00]} Ne4
{[%clk 0:02:18]} 11. Nxe4 {[%clk 0:02:04]} dxe4 {[%clk 0:02:19]} 12. Qxe4
{[%clk 0:02:05]} Bxc4 {[%clk 0:02:18]} 13. Rd1 {[%clk 0:02:06]} Bd5
{[%clk 0:02:16]} 14. Qg4 {[%clk 0:01:55]} h6 {[%clk 0:02:07]} 15. Qh3
{[%clk 0:01:45]} Kh7 {[%clk 0:01:57]} 16. Ng5+ {[%clk 0:01:32]} Kg8
{[%clk 0:01:59]} 17. Ne4 {[%clk 0:01:32]} g5 {[%clk 0:01:48]} 18. f4
{[%clk 0:01:28]} g4 {[%clk 0:00:32]} 19. Qxg4 {[%clk 0:01:27]} Nd7
{[%clk 0:00:28]} 20. f5 exf5 {[%clk 0:00:28]} 21. Qxf5 {[%clk 0:01:25]} Qe7
{[%clk 0:00:24]} 22. Qh5 {[%clk 0:01:17]} Qe6 {[%clk 0:00:23]} 23. Bf4
{[%clk 0:01:13]} Qg6 {[%clk 0:00:21]} 24. Qe2 {[%clk 0:01:12]} Rae8
{[%clk 0:00:21]} 25. Re1 {[%clk 0:00:52]} f6 {[%clk 0:00:22]} 26. Nd6
{[%clk 0:00:50]} Bxg2 {[%clk 0:00:16]} 27. Nxe8 {[%clk 0:00:35]} fxe5
{[%clk 0:00:17]} 28. Qxg2 {[%clk 0:00:31]} exf4 {[%clk 0:00:16]} 29. Nxg7
{[%clk 0:00:32]} f3 {[%clk 0:00:17]} 30. Qf2 {[%clk 0:00:33]} Qxg7
{[%clk 0:00:16]} 31. Re3 {[%clk 0:00:31]} Qg4 {[%clk 0:00:13]} 32. Rf1
{[%clk 0:00:31]} 1-0